Doing the splits (Record no. 69198)
[ view plain ]
| 000 -LEADER | |
|---|---|
| fixed length control field | 01340cam a2200241 4500 |
| 001 - CONTROL NUMBER | |
| control field | ABS64916 |
| 008 - FIXED-LENGTH DATA ELEMENTS--GENERAL INFORMATION | |
| fixed length control field | 020107n2001 000 0 eng u |
| 035 ## - SYSTEM CONTROL NUMBER | |
| System control number | (Sirsi) u116168 |
| 100 ## - MAIN ENTRY--PERSONAL NAME | |
| Personal name | Minogue, A. |
| 245 ## - TITLE STATEMENT | |
| Title | Doing the splits |
| 260 ## - PUBLICATION, DISTRIBUTION, ETC. | |
| Date of publication, distribution, etc. | 2001 |
| 490 ## - SERIES STATEMENT | |
| Series statement | Building |
| Volume/sequential designation | 266(8210) 16 November 2001, 65(1) |
| 520 ## - SUMMARY, ETC. | |
| Summary, etc. | Outlines the main points from the very complex case, Bovis Lend Lease Limited vs Saillare Fuller & Partners and Watkins Payne & Partners. This concerned a flood in May 1990 in a recently completed office building which was empty on completion, which resulted in ten weeks loss of rent. The liability for the damage was complex as Bovis who were employed under a management contract to design the building payed insurers General Accident but it was Bovis' public liability insurers Eagle Star that actually paid. The judge decided to take a straightforward view when he ruled that responsibility for the damage should be allocated by a four-way split between Bovis, Crown House, SFP and WPP. |
| 590 ## - LOCAL NOTE (RLIN) | |
| Local note | ABS |
| 650 ## - SUBJECT ADDED ENTRY--TOPICAL TERM | |
| Topical term or geographic name entry element | BOVIS LEND LEASE LTD V SAILLARD FULLER & PARTNERS AND WATKINS PAYNE & PARTNERS |
| 650 ## - SUBJECT ADDED ENTRY--TOPICAL TERM | |
| Topical term or geographic name entry element | GENERAL ACCIDENT |
| 650 ## - SUBJECT ADDED ENTRY--TOPICAL TERM | |
| Topical term or geographic name entry element | EAGLE STAR |
| 650 ## - SUBJECT ADDED ENTRY--TOPICAL TERM | |
| Topical term or geographic name entry element | INSURANCE POLICY |
| 650 ## - SUBJECT ADDED ENTRY--TOPICAL TERM | |
| Topical term or geographic name entry element | MANAGEMENT CONTRACT |
| 650 ## - SUBJECT ADDED ENTRY--TOPICAL TERM | |
| Topical term or geographic name entry element | ALLOCATION OF COSTS |
| 690 ## - LOCAL SUBJECT ADDED ENTRY--TOPICAL TERM (OCLC, RLIN) | |
| Topical term or geographic name as entry element | Insurance |
| 9 (RLIN) | 6249 |
| 942 ## - ADDED ENTRY ELEMENTS (KOHA) | |
| Suppress in OPAC | 0 |
| Withdrawn status | Lost status | Source of classification or shelving scheme | Damaged status | Not for loan | Home library | Current library | Shelving location | Date acquired | Total Checkouts | Full call number | Barcode | Date last seen | Copy number | Price effective from | Koha item type |
|---|---|---|---|---|---|---|---|---|---|---|---|---|---|---|---|
| Dewey Decimal Classification | London | London | Journal article | 07/01/2002 | ABS64916 | 116168-1001 | 06/08/2019 | 1 | 06/08/2019 | Journal article |